000 00309nam a22001337a 4500
008 171020b xxu||||| |||| 00| 0 eng d
020 _a9780324202311
041 _aeng
080 _a338
100 _a54
101 _aMEN
245 _aAN INTRODUCTION MANAGEMENT SCIENCE
_cWILLIAMS.A.S
942 _2udc
_cBK
999 _c35232
_d35232